000
00319 a2200157 4500
001
173922
020
_a
040
_c
Magnum
100
_a
Colasanti, Marina
240
1
0
_a
Ofelia, a ovelha
_l
por
245
1
0
_a
Ofelia, a ovelha
362
0
_a
1899
440
1
_a
Melhoramentos
697
_a
IJ/ANIMAIS
942
_c
BK
999
_c
173922
_d
173922